00354nam a2200133Ia 4500008004100000020001500041041001200056082001600068100001900084245005700103260003700160300000800197650001500205221030s9999 xx 000 0 und d a8183183484 aEnglish a105.23bMen aP. K. S. Menon 0aHuman Resource Management & Organisational Behaviour bHimalaya Pub HouseaMumbaic2005 a264 aManagement